000 00502nam a2200181Ia 4500
005 20250423095110.0
008 250422s9999 xx 000 0 und d
020 _a9781032216164
050 _aSB 351 .D79/
100 _aEdited by Hii, Ching Lik and Shirkole, Shivanand S.
245 0 _aDrying of herbs, spices, and medicinal plants
260 _aBoca Raton
260 _b CRC Press
260 _c2024
300 _axvi, 238p. :ill. ; 23cm.
650 _amedicinal applications
942 _cBK
999 _c29233
_d29233